Glòria al poeta! : lloa en un acte i tres quadros en vers, original de Joaquim Selva : dedicada a la memòria del gran dramaturg lloa en un acte i tres quadros en vers, original de Joaquim Selva :
Descripción Física:
22 p. ; 21 cm
Otros Autores:
Guimerà, Àngel
Materias:
Guimerà, Àngel -- Teatre
MARC
| LEADER | 00000nam a2200000Ia 4500 | ||
|---|---|---|---|
| 001 | 20353 | ||
| 008 | 160829s1928 xx 000 0 cat d | ||
| 080 | |a 4195, exp. 22 | ||
| 100 | |a Selva, Joaquim |9 48413 | ||
| 245 | |a Glòria al poeta! : |b lloa en un acte i tres quadros en vers, original de Joaquim Selva : |b dedicada a la memòria del gran dramaturg | ||
| 260 | |a Badalona : |b Tallers Gràfics Balmes, |c 1928 | ||
| 300 | |a 22 p. ; |c 21 cm | ||
| 590 | |a A la coberta: Àngel Guimerà 1849 - 1924 | ||
| 650 | |a Guimerà, Àngel |x Teatre |9 48416 | ||
| 700 | |a Guimerà, Àngel |9 26311 | ||
| 901 | |a Arxiu | ||
| 942 | |n 1 | ||
| 952 | |0 0 |1 0 |4 0 |6 4195_EXP_22 |7 1 |9 54531 |a Arxiu |b Arxiu |d 2016-12-01 |l 0 |o 4195, exp. 22 |p 20353 |r 2016-12-01 00:00:00 |w 2016-12-01 |y ARXIU | ||
| 999 | |c 58400 |d 58400 | ||